Central Library OPAC University of Rajshahi

Marriage in tribal societies / (Record no. 11409)

MARC details
000 -LEADER
fixed length control field 00847nam a2200253 a 4500
001 - CONTROL NUMBER
control field 11409
003 - CONTROL NUMBER IDENTIFIER
rucl marc code BD-RjUL
005 - DATE AND TIME OF LATEST TRANSACTION
control field 20211208235124.0
008 - FIXED-LENGTH DATA ELEMENTS--GENERAL INFORMATION
fixed length control field 140126s1962 enka b 000 0aeng
035 ## - SYSTEM CONTROL NUMBER
System control number (BD-RjUL)11458
040 ## - CATALOGING SOURCE
Original cataloging agency DLC
Transcribing agency WSU
Modifying agency m.c
-- SER
-- BD-RjUL
Language of cataloging eng
041 ## - LANGUAGE CODE
Language code of text/sound track or separate title eng
082 04 - DEWEY DECIMAL CLASSIFICATION NUMBER
Edition number 23
Classification number 306
Author mark and year MAR 1962
245 10 - TITLE STATEMENT
Title Marriage in tribal societies /
Statement of responsibility, etc. edited by Meyer Fortes.
260 ## - PUBLICATION, DISTRIBUTION, ETC. (IMPRINT)
Place of publication, distribution, etc. Cambridge :
Name of publisher, distributor, etc. Cambridge University Press for the Dept. of Archaeology and Anthropology,
Date of publication, distribution, etc. c1962.
300 ## - PHYSICAL DESCRIPTION
Pagination vii, 157 p. :
Illustrations ill. ;
Size 25 cm.
490 1# - SERIES STATEMENT
Series statement Cambridge papers in social anthropology ;
Volume/sequential designation no. 3
504 ## - BIBLIOGRAPHY, ETC. NOTE
Bibliography, etc Bibliography: p. 156-157.
650 ## - SUBJECT ADDED ENTRY--TOPICAL TERM
Topical term or geographic name as entry element Social anthropology
9 (RLIN) 160519
700 1# - ADDED ENTRY--PERSONAL NAME
Personal name Fortes, Meyer.
830 #0 - SERIES ADDED ENTRY--UNIFORM TITLE
Volume number/sequential designation no. 3
Uniform title Cambridge papers in social anthropology ;
942 ## - ADDED ENTRY ELEMENTS (KOHA)
Source of classification or shelving scheme Dewey Decimal Classification
Koha item type Books
Holdings
Lost status Source of classification or shelving scheme Damaged status Not for loan Permanent Location Current Location Shelving location Date acquired Source of acquisition Cost, normal purchase price Total Checkouts Full call number Date last seen Copy number Koha item type Collection code
  Dewey Decimal Classification     Central Library, University of Rajshahi Central Library, University of Rajshahi   22/06/1965 Euro book 24.37   572.9676 MAR 1962 26/01/2014 C-10 Books  
  Dewey Decimal Classification     Central Library, University of Rajshahi Central Library, University of Rajshahi   18/06/1965 Euro-Pak 225.00   306 MAR 1962 30/01/2014 C-2 Books Non-fiction
  Dewey Decimal Classification     Central Library, University of Rajshahi Central Library, University of Rajshahi   18/06/1965 Euro-Pak 225.00   306 MAR 1962 23/10/2016 C-3 Books Non-fiction
  Dewey Decimal Classification     Central Library, University of Rajshahi Central Library, University of Rajshahi   18/06/1965 Euro- pak 22.50   306 MAR 1962 22/05/2017 C-4 Books Non-fiction
  Dewey Decimal Classification     Central Library, University of Rajshahi Central Library, University of Rajshahi   18/06/1965 Euro- pak 22.50   306 MAR 1962 22/05/2017 C-5 Books Non-fiction
  Dewey Decimal Classification     Central Library, University of Rajshahi Central Library, University of Rajshahi   18/06/1965 Euro- pak 22.50   306 MAR 1962 22/05/2017 C-6 Books Non-fiction
  Dewey Decimal Classification     Central Library, University of Rajshahi Central Library, University of Rajshahi   18/06/1965 Euro- pak 22.50   306 MAR 1962 22/05/2017 C-7 Books Non-fiction
  Dewey Decimal Classification     Central Library, University of Rajshahi Central Library, University of Rajshahi   18/06/1965 Euro- pak 22.50   306 MAR 1962 22/05/2017 C-8 Books Non-fiction
  Dewey Decimal Classification     Central Library, University of Rajshahi Central Library, University of Rajshahi   18/06/1965 Euro- pak 22.50   306 MAR 1962 22/05/2017 C-9 Books Non-fiction
  Dewey Decimal Classification   Not For Loan Central Library, University of Rajshahi Central Library, University of Rajshahi Reading Room 18/06/1965 Euro- pak 22.50   306 MAR 1962 06/06/2017 C-1 Books Non-fiction